000
00293nam a2200109Ia 4500
001
1268572
005
20260417145253.0
008
260417s9999 xx 000 0 und d
020
_a
9786256495173
245
0
_a
Mehmet Akif Ersoy ve Şiirin Gücü
_c
Büşra Şen Altun
260
_b
Ketebe Çocuk
999
_c
1268572
_d
1268572